<?xml version="1.0" encoding="UTF-8"?>
<record
    xmlns:xsi="http://www.w3.org/2001/XMLSchema-instance"
    xsi:schemaLocation="http://www.loc.gov/MARC21/slim http://www.loc.gov/standards/marcxml/schema/MARC21slim.xsd"
    xmlns="http://www.loc.gov/MARC21/slim">

  <leader>00508nam a2200169Ia 4500</leader>
  <controlfield tag="008">110201s9999    xx            000 0 und d</controlfield>
  <datafield tag="082" ind1=" " ind2=" ">
    <subfield code="b">B8308</subfield>
    <subfield code="a">K 2425</subfield>
  </datafield>
  <datafield tag="100" ind1=" " ind2=" ">
    <subfield code="a">&#x936;&#x93F;&#x930;&#x935;&#x933;&#x915;&#x930; &#x938;&#x941;&#x939;&#x93E;&#x938;</subfield>
  </datafield>
  <datafield tag="245" ind1=" " ind2=" ">
    <subfield code="a">&#x938;&#x94D;&#x935;&#x940;&#x915;&#x943;&#x924;</subfield>
  </datafield>
  <datafield tag="260" ind1=" " ind2=" ">
    <subfield code="b">&#x917;&#x940;&#x924;&#x93E; &#x90F;&#x91C;&#x928;&#x94D;&#x938;&#x940;&#x91C;</subfield>
  </datafield>
  <datafield tag="365" ind1=" " ind2=" ">
    <subfield code="b">200</subfield>
  </datafield>
  <datafield tag="600" ind1=" " ind2=" ">
    <subfield code="a">&#x936;&#x93F;&#x930;&#x935;&#x933;&#x915;&#x930; &#x938;&#x941;&#x939;&#x93E;&#x938;</subfield>
  </datafield>
  <datafield tag="630" ind1=" " ind2=" ">
    <subfield code="a">&#x938;&#x94D;&#x935;&#x940;&#x915;&#x943;&#x924;</subfield>
  </datafield>
  <datafield tag="700" ind1=" " ind2=" ">
    <subfield code="a">&#x936;&#x93F;&#x930;&#x935;&#x933;&#x915;&#x930; &#x938;&#x941;&#x939;&#x93E;&#x938;</subfield>
  </datafield>
  <datafield tag="730" ind1=" " ind2=" ">
    <subfield code="a">&#x938;&#x94D;&#x935;&#x940;&#x915;&#x943;&#x924;</subfield>
  </datafield>
  <datafield tag="942" ind1=" " ind2=" ">
    <subfield code="c">BOOK</subfield>
  </datafield>
  <datafield tag="999" ind1=" " ind2=" ">
    <subfield code="c">833795</subfield>
    <subfield code="d">833792</subfield>
  </datafield>
  <datafield tag="952" ind1=" " ind2=" ">
    <subfield code="0">0</subfield>
    <subfield code="1">0</subfield>
    <subfield code="4">0</subfield>
    <subfield code="7">0</subfield>
    <subfield code="a">PMKV</subfield>
    <subfield code="b">PMKV</subfield>
    <subfield code="d">2011-02-01</subfield>
    <subfield code="g">200.00</subfield>
    <subfield code="l">0</subfield>
    <subfield code="p">PMKV-B8308</subfield>
    <subfield code="r">2011-02-01 00:00:00</subfield>
    <subfield code="v">200.00</subfield>
    <subfield code="w">2011-02-01</subfield>
    <subfield code="y">BOOK</subfield>
  </datafield>
</record>
